|
|
|
|
| LEADER |
00000nam0a2200000 4500 |
| 001 |
17165 |
| 005 |
20231030190740.0 |
| 035 |
|
|
|a (RuTPU)RU\TPU\book\17297
|
| 035 |
|
|
|a BOOK00001985
|
| 090 |
|
|
|a 17165
|
| 100 |
|
|
|a 20011209d1985 k y0rusy50 ca
|
| 101 |
0 |
|
|a rus
|
| 102 |
|
|
|a RU
|
| 105 |
|
|
|a y z 000zy
|
| 200 |
1 |
|
|a Крестьянское движение в Сибири 1861-1907 гг
|e Хроника и историография
|f Под ред. Л. М. Горюшкина, Е. И. Соловьевой
|
| 210 |
|
|
|a Новосибирск
|c Наука
|d 1985
|
| 215 |
|
|
|a 327 с.
|
| 610 |
1 |
|
|a история
|
| 610 |
1 |
|
|a историография
|
| 610 |
1 |
|
|a Россия
|
| 610 |
1 |
|
|a Сибирь
|
| 610 |
1 |
|
|a 20 век
|
| 610 |
1 |
|
|a крестьянство
|
| 610 |
1 |
|
|a крестьянское движение
|
| 686 |
|
|
|a Т3(253)-4
|v LBC/SL-A
|2 rubbk
|
| 702 |
|
1 |
|a Горюшкин
|b Л. М.
|g Леонид Михайлович
|4 340
|
| 702 |
|
1 |
|a Соловьева
|b Е. И.
|4 340
|
| 801 |
|
0 |
|a RU
|b 63413507
|c 20011209
|g PSBO
|
| 801 |
|
2 |
|a RU
|b 63413507
|c 20120524
|g PSBO
|
| 942 |
|
|
|c BK
|